00425nam a22001337a 450000500170000000800410001704100150005808200160007310000430008924500650013226000430019730000260024065000250026620231130072448.0231130b |||||||| |||| 00| 0 eng d aAfrikaans  a340.03 HIE  aHiemstra, VG en Gonin, HL lAfrikaans  aEngels-Afrikaanse Regswoordeboek / cVG Hiemstra en HL Gonin aKaapstad : bJuta en Kie. Bpk, c1963  b148 pages ; c26 cm.  aLegal practice bLaw